MARC

LEADER 00000nam0a2200000 4500
001 297506
005 20231102001020.0
020 |a RU  |b 84-76413 
035 |a (RuTPU)RU\TPU\book\322639 
090 |a 297506 
100 |a 20150609d1984 k y0rusy5003 ca 
101 0 |a rus 
102 |a RU 
105 |a a z 001zy 
200 1 |a Проблемно-ориентированные информационные системы  |e сборник научных трудов  |f Академия наук СССР (АН СССР), Ленинградский научно-исследовательский вычислительный центр (ЛНИВЦ) ; под ред. Ю. С. Вишнякова ; В. В. Александрова 
210 |a Ленинград  |c Изд-во ЛНИВЦ  |d 1984 
215 |a 179 с. 
320 |a Библиография в конце статей 
606 |a Вычислительные системы проблемно-ориентированные  |x Проектирование  |2 stltpush  |3 (RuTPU)RU\TPU\subj\4405  |9 32684 
610 1 |a предметные области 
610 1 |a описание 
610 1 |a информационные модели 
610 1 |a данные 
610 1 |a теория структур 
610 1 |a информационные системы 
610 1 |a программное обеспечение 
675 |a 681.324.001  |v 3 
702 1 |a Вишняков  |b Ю. С.  |4 340 
702 1 |a Александров  |b В. В.  |4 340 
712 0 2 |a Академия наук СССР (АН СССР)  |b Ленинградский научно-исследовательский вычислительный центр (ЛНИВЦ)  |c (1978-1985)  |2 stltpush  |3 (RuTPU)RU\TPU\col\9968 
801 0 |a RU  |b RuMRKP  |c 19950704  |g psbo 
801 1 |a RU  |b 63413507  |c 20150609 
801 2 |a RU  |b 63413507  |c 20190128  |g RCR 
942 |c BK